000 00456pab a2200157 454500
008 180718b1998 xxu||||| |||| 00| 0 eng d
100 _aSalim, Ruhul A.
245 _aThe efficiency of foreign exchange market: expirical evidence from Australian dollar and Japanese yen
260 _c1998
300 _ap.427-45
362 _aApr
650 _aForeign exchange
700 _aAhmad, Mofizuddin
773 _aIndian Journal of Economics
909 _a40201
999 _c40201
_d40201